[Event "EU-ch 4th"]
[Site "Istanbul"]
[Date "2003.06.08"]
[Round "9"]
[White "Potkin, Vladimir"]
[Black "Fridman, Daniel"]
[Result "1/2-1/2"]
[WhiteElo "2522"]
[BlackElo "2621"]
[Annotator "Erenburg,S"]
[PlyCount "51"]
[EventDate "2003.05.30"]
[EventType "swiss"]
[EventRounds "13"]
[EventCountry "TUR"]
[SourceTitle "CBM 096"]
[Source "ChessBase"]
[SourceDate "2003.09.25"]
[SourceVersion "1"]
[SourceVersionDate "2003.09.25"]
[SourceQuality "1"]

1. e4 d6 2. d4 Nf6 3. Nc3 g6 4. Nf3 Bg7 5. Be2 O-O 6. O-O Bg4 7. Be3 Nc6 8. h3
{In my opinion, this move promises white a nice position with a pair of
bishops. I think that after exchanging on f3, white's chances are preferable
thanks to his light-squared bishop, which is going to take control over the
light-squares without any problems.} (8. Nd2 $5 {1/2-1/2 Stefansson,H-Hansen,S/
Esbjerg 2002/CBM 91/[Finkel,A] (60)}) (8. Ng5 $5) 8... Bxf3 9. Bxf3 Re8 $5 {
Another theoretical line is} (9... e5 {1/2-1/2 Ivanchuk,V-Hillarp Persson,T/
Malmo 2003/CBM95_01/[Erenburg] (18)}) 10. Be2 {Rare move, which transfers the
light-squared bishop to better position.} (10. Qd2 e5 11. d5 Nd4 12. Bd1 (12.
Be2 $5) 12... c6 13. dxc6 bxc6 14. Be2 Rb8 $11 {0-1 Haznedaroglu,K-Gurevich,M/
Izmir 2002/CBM 90 ext (29)}) (10. Re1 a6 (10... e5 {looks more logical.}) 11.
Ne2 e5 12. d5 Ne7 13. g4 $14 {1-0 Robatsch,K-Timman,J/Amsterdam 1972/MCL (63)})
(10. d5 Ne5 11. Be2 c6 12. f4 Ned7 13. Bf3 Qc7 14. Re1 e5 15. dxe6 $14 {
1/2-1/2 Handoko,E-Vasiukov,E/Doha 1992/EXT 97 (56)}) 10... e5 11. dxe5 (11. d5
{doesn't make serious problem to black.} Nd4 {[%cal Gc7c6]}) 11... Rxe5 $146 (
11... dxe5 12. Bc4 Nd7 $6 (12... Nd4 $142 $14) 13. Re1 $14 {0-1 Augustin,
J-Kaiszauri,K/Stockholm 1975/EXT 2001 (37)} (13. Qf3 $16)) 12. Bf3 ({White
doesn't achieve anything special after} 12. f4 Re8 13. Bf3 Nxe4 14. Nxe4 d5 $11
) ({Comes to consideration:} 12. Bc4 Nxe4 $140 (12... Qd7 $142 13. f3 $14) 13.
Nxe4 d5 (13... Rxe4 14. Bxf7+ Kxf7 15. Qf3+) 14. Bg5 $16) 12... Re8 13. g3 Rb8
14. Bg2 a6 ({Deserved attention:} 14... Nd7 15. Qd2 Nc5) 15. Qd2 b5 16. Bg5 $14
(16. a3 $5 $14) 16... b4 $6 {Black should avoid unpleasant pin, along the
diagonal g5-d8.} (16... Qd7 $5 17. a3 $14) 17. Nd5 h6 (17... Re6 18. a3 $1 $16
{[%csl Ga1][%cal Ya1a6]}) 18. Nxf6+ $6 {White had more attractive continuation,
after which white gets quite obvious positional advantage.} (18. Bxh6 $1 Nxe4
19. Bxe4 Bxh6 20. Qxh6 Rxe4 21. f4 $1 $16 {[%csl Yd5][%cal Ya1e1,Gf4f5]}) 18...
Bxf6 19. Bxf6 Qxf6 20. b3 Qg5 21. Rfd1 $1 ({Worse is} 21. Qxg5 hxg5 22. a3 Nd4
23. axb4 Nxc2 24. Rxa6 Nxb4 $11) 21... Qxd2 22. Rxd2 Re5 23. a4 bxa3 {White's
position is better also after} (23... Rc5 24. Bf1 a5 25. f4 Re8 26. Re1 Kf8 27.
Bc4 $14) 24. Rxa3 Rc5 {[%cal Gc6b4] preparing the attack on the white pawn c2.}
(24... a5 25. Kf1 $14 {White's position is slightly better,as he has R+B vs
R+N, at the same time his pawn structure is better than the black's one.}) 25.
Rxa6 Nb4 26. Ra7 {I think white could continue to fight for a win in this game
without any risk, as he has small, but stayable edge:} (26. Ra7 Nxc2 (26...
Rxc2 27. Rxc2 Nxc2 28. Rxc7 Nd4 29. Rd7 $16) 27. e5 $1 dxe5 (27... Rb6 28. exd6
Rxd6 29. Rxc7 $16) 28. Rd7 {[%cal Gg2d5]} Rbb5 29. Be4 $1 {[%cal Ge4g6]} (29.
Raxc7 Rxc7 30. Rxc7 Nd4) 29... Kg7 30. Ra6 Rb6 31. Rxb6 cxb6 32. Bd5 $14)
1/2-1/2

[Event "Bundesliga 0405"]
[Site "Germany"]
[Date "2005.03.13"]
[Round "13.5"]
[White "Hausrath, Daniel"]
[Black "Koch, Wolfgang Max"]
[Result "1-0"]
[WhiteElo "2478"]
[BlackElo "2330"]
[Annotator "Erenburg,S"]
[PlyCount "37"]
[EventDate "2004.11.12"]
[EventType "team-tourn"]
[EventRounds "15"]
[EventCountry "GER"]
[SourceTitle "CBM 106"]
[Source "ChessBase"]
[SourceDate "2005.06.06"]
[SourceVersion "1"]
[SourceVersionDate "2005.06.06"]
[SourceQuality "1"]
[WhiteTeam "Muelheim Nord"]
[BlackTeam "Eppingen"]
[WhiteTeamCountry "GER"]
[BlackTeamCountry "GER"]

1. Nf3 g6 2. e4 d6 3. d4 Nf6 4. Nc3 Bg7 5. Bf4 {Rare continuation, but
interesting one. White prepares an option of carrying out e4-e5, afterware he
can get quite a comfortable pawn structure.} c6 6. Qd2 {preparing an exchange
of dark-squared bishops in some moment.} b5 {Black occupies some space on the
queenside, and, already threatens with b5-b4. Other possibilities are:} (6...
Bg4 {---> 0-1 Grigoriants,S-Vajda,L/Istanbul 2003/CBM 96/[Erenburg] (32)}) (
6... O-O 7. Bh6 b5 8. Bxg7 (8. a3 a5 (8... a6 9. h4 Nbd7 10. h5 e5 11. hxg6
fxg6 12. Bxg7 Kxg7 13. Ng5 $16 {1-0 Meyers,V-Heck,N/Giessen op 1992 (27)}) 9.
Bd3 Bg4 10. Bxg7 Kxg7 11. e5 dxe5 12. dxe5 Nfd7 13. Qg5 Bxf3 14. gxf3 f6 $15 {
1/2-1/2 Stripunsky Alexander-Bologan Viktor/Ch Russia (club) Azov (Russia) (7)
1996 (34)}) (8. Bd3 a6 (8... Bg4 9. h4 Bxf3 10. gxf3 Nh5 11. Ne2 e5 12. O-O-O
Nd7 13. dxe5 Nxe5 14. Bxg7 Kxg7 15. f4 Nxd3+ 16. Qxd3 $14 {[%cal Gf4f5] 1-0
Mohr,G-Mueller,A/Lienz ,EXT 1988 (59)}) 9. h4 Nh5 10. O-O-O Bg4 11. Rdg1 Bxf3
12. gxf3 e5 13. Ne2 Qf6 (13... exd4 14. Bxg7 Kxg7 15. Nxd4 $16) 14. Bxg7 Kxg7
15. Ng3 Nxg3 16. fxg3 $132 {0-1 Horvath,S-Clausen,S/Copenhagen 1986 (25)}) 8...
Kxg7 {1/2-1/2 Vorotnikov,V-Bakhtadze,G/Moscow 1999/CBM 70/[Tsesarsky] (35)}) 7.
Bd3 {strengthening the centre.} Bb7 $2 {I don't really like this move... Black
defines the position of his light-squared bishop too early. More logical is to
castle here, which is a useful move anyway, and, afterware to decide if to
develop the light-squared bishop on a6, b7, g4 or even to keep it on c8...} (
7... O-O {seems more normal:} 8. h3 Nbd7 9. e5 b4 10. Ne2 dxe5 11. dxe5 Nd5 12.
Bh2 Nc5 13. Bc4 a5 14. Ned4 Nb6 $13 {1/2-1/2 Ornstein,A-Gulko,B/New York 1987/
CBM 002 (75)}) 8. O-O $6 $146 {completing the development. Probably, this
continuation isn't aggressive enough... In the preceding games white have
tried:} (8. Bh6 O-O 9. h4 Nbd7 10. h5 e5 11. hxg6 fxg6 12. Bxg7 Kxg7 13. d5 b4
14. Qh6+ Kg8 15. dxc6 Bxc6 16. Bc4+ Kh8 17. Ng5 Qe7 18. Nd5 $18 {1-0 Rodriguez,
F-Morales,P/Cuba 2000/EXT 2003 (62)}) (8. e5 {looks like the most principled
reply on black's strange previous move.} dxe5 9. dxe5 Nd5 10. Bh6 Bxh6 11. Qxh6
Qa5 12. Qg7 Rf8 13. O-O Nxc3 14. bxc3 Nd7 15. e6 $18 {1-0 Moradi,B-Nosrati
Bayaz,A/Isfahan 2004/EXT 2005 (29)}) 8... a6 $2 {Another strange move...
Probably, black has prepared the breakthrough c6-c5, but what about a
development?! The following alternatives seems more to the point:} (8... b4 9.
Ne2 c5 10. Ng3 $14 (10. dxc5 Nxe4 11. Bxe4 Bxe4 12. cxd6 Bxf3 13. gxf3)) (8...
O-O 9. Bh6 b4 10. Ne2 c5 11. Bxg7 Kxg7 12. dxc5 dxc5 13. Ng3 $14) 9. Rad1 $6 {
preventing black's c6-c5... But, white could get more...} ({White should have
punished black for his disregard to a development:} 9. e5 $1 dxe5 10. dxe5 Nd5
(10... Nh5 11. Bh6 $16) 11. Bh6 $36) 9... O-O 10. Bh6 b4 {After this move, it
is clear, that 8...a6 was absolutely not to the point...} (10... Nbd7 11. Bxg7
Kxg7 12. e5 $36) 11. Ne2 c5 (11... Qa5 12. Bxg7 Kxg7 13. a3 c5 14. Ng3 $16) 12.
Bxg7 Kxg7 13. dxc5 {White opens the centre, as he has a development advantage.}
dxc5 14. Ng3 Nfd7 $2 {Probably, black decided to play without his queenside
pieces... Much more logical was to join the queenside knight to the game:} (
14... Nbd7 15. e5 (15. c3 $5) 15... Ng4 16. e6 (16. Be4 $2 Bxe4 17. Nxe4 Ndxe5)
16... Ndf6 17. Ng5 $14) 15. Bc4 Qc7 $2 {After this move, black is already lost.
..} ({Black had to play} 15... e6 {, covering the g5 and f5 square.} 16. c3 Qe7
17. Qd6 Qxd6 18. Rxd6 $16) {[%tqu "En","Please enter the strongest move for
white.","","","d2g5","",10]} 16. Qg5 $1 {Very strong move! White attacks the
e7 pawn, and threatens against black monarch by Ng3-f5+.} f6 {loses
immediately, but other moves don't change too much the evaluation of position:}
(16... e6 17. Nh5+ Kg8 (17... Kh8 18. Qh6 $18 {[%cal Yf3g5]}) 18. Qh6 gxh5 19.
Ng5 Bxe4 20. Bd3 Bxd3 21. Rxd3 Nf6 22. Qxf6 $18) (16... Nf6 17. Nf5+ Kg8 18. e5
Ne4 19. Nxe7+ Kg7 20. Qh4 $18) (16... Kg8 17. Qxe7 $18) (16... Nc6 17. Nf5+ Kh8
18. Qh6 gxf5 19. Rxd7 Qxd7 20. Ng5 {with inevitable mate.}) 17. Nf5+ Kh8 18.
Qh6 gxf5 {[%tqu "En","Please find a winning move for white.","","","f3h4","",
10]} 19. Nh4 $1 {[%cal Gh4g6] Black is hopeless against white's threats.} (19.
Nh4 $1 Rg8 20. Bxg8 Kxg8 21. Nxf5 Kf7 22. Qg7+ {[%cal Yg7e7] mating.}) 1-0

[Event "American Continental 2nd"]
[Site "Buenos Aires"]
[Date "2003.08.18"]
[Round "2"]
[White "Bronstein, Luis Marcos"]
[Black "Nogueiras Santiago, Jesus"]
[Result "1/2-1/2"]
[WhiteElo "2325"]
[BlackElo "2521"]
[Annotator "Erenburg,S"]
[PlyCount "48"]
[EventDate "2003.08.17"]
[EventType "swiss"]
[EventRounds "11"]
[EventCountry "ARG"]
[SourceTitle "CBM 097"]
[Source "ChessBase"]
[SourceDate "2003.11.11"]
[SourceVersion "1"]
[SourceVersionDate "2003.11.11"]
[SourceQuality "1"]

1. e4 g6 2. d4 Bg7 3. Nc3 d6 4. Nf3 Nf6 5. Be2 O-O 6. O-O c6 7. a4 Nbd7 8. a5
Qc7 9. Be3 e5 {Black decides to attack white's center immediately. Another
option is more slow plan with providing of b7-b5:} (9... Rb8 {1-0 Lutz,
C-Polzin,R/Forchheim 2000/CBM 76/[Finkel,A] (34)}) 10. dxe5 dxe5 11. h3 {
preventing Ng4.} Rd8 12. Bc4 {I don't believe, that after this move, white has
chance to get an advantage. Interesting alternative to the move in the game is}
(12. Qb1 {[%cal Yb1a2,Ga2a3] and not developing the light-squared bishop on
the a2-g8 diagonal, thus preventing the trade of it. 0-1 Lutz,C-Topalov,V/
Frankfurt 1999/CBM 72/[Kaspi,A] (81)}) 12... Nf8 13. Qb1 {White tried also} (
13. Qe2 Be6 (13... h6 14. Bc5 $6 (14. b4 $5) 14... Ne6 15. Bxe6 Bxe6 16. Qe3
Qb8 (16... Nd7 $142 $1) 17. Be7 Rd7 18. Bxf6 Bxf6 19. Qxh6 $14 {1/2-1/2 Blees,
A-Sulskis,S/Frydek Mistek 1995/EXT 99 (61)}) 14. b4 Nh5 15. Rfe1 (15. Rfd1)
15... Nf4 16. Qf1 Qe7 17. Rab1 Qf6 $11 {1-0 Browne,W-Enklaar,B/Wijk aan Zee
1974/MCD (41)}) 13... Be6 {Now white has to start to think about equalizing...}
14. Qa2 $6 ({Better was} 14. Nd2) 14... Nh5 $6 {Black has much more attractive
option, after which I don't think, that white can equalize the position!} (
14... b5 $1 {0-1 Brynell,S-McShane,L/Malmo 2003/CBM 97_01/[Erenburg] (34)}) 15.
Rfd1 $6 ({Better is} 15. Qb3 {, preventing from black the resourse of the
breakthrough b7-b5.}) 15... Nf4 $6 (15... b5 {still was very strong.}) 16. Ng5
$6 {Very responsible decision.White goes on the force variation, where he
risks to lose the a5 pawn.} ({After} 16. Rxd8 Qxd8 17. Rd1 Qf6 18. Kh2 $14 {
white has a good chance to get the advantage.} Rd8 (18... Nxh3 $140 19. Bxe6
Nxe6 20. Kxh3) 19. Rxd8 (19. Rxd8 Qxd8 20. Bxa7 (20. Bxe6 N8xe6 21. Bxa7 Nd4
$44) 20... Bxc4 21. Qxc4 Qxa5 $11) (19. Bxe6 N8xe6 20. Bxa7 Nd4 21. Nxd4 exd4
22. Bb6 Qh4 $1 $132) 19... Qxd8 20. Bb3 $14) 16... Rxd1+ 17. Rxd1 ({In case of
} 17. Nxd1 Ne2+ 18. Kh1 Bxc4 19. Qxc4 Nd4 {black gets a slight advantage,
thanks to a better positions of his pieces.}) 17... Bxc4 18. Qxc4 h6 $1 {
Probably, when white played 16.Ng5 he saw this position in his calculations,
and he prepared...} 19. Bxf4 {White is going on force variation, otherwise he
will lose his a5 pawn.} (19. Nf3 Qxa5 $15) 19... exf4 20. Nd5 {That's the
point! But let's see if white gets something...} Qd8 $2 ({Stronger was} 20...
Qe5 21. Nxf7 cxd5 22. Nxe5 (22. Rxd5 Qxb2 23. Nxh6+ Kh7 24. Nf7 Qa1+ 25. Kh2
Qc3 26. Ng5+ Kh8 $17) 22... dxc4 23. Nxc4 Rc8 $17) 21. Nxf7 $8 cxd5 22. Rxd5
Qc8 {Black had other possibilities, after which, his position is slightly
better:} (22... Qe7 23. Nxh6+ Kh7 (23... Bxh6 24. Rd8+ $18) 24. Ng4 Ne6 $15 {/=
} (24... Bxb2 25. e5 $1 $13 {[%cal Gc4f4,Yg4f6]})) (22... Qf6 23. Nxh6+ Kh7 24.
e5 (24. Ng4 Qxb2 $17) 24... Qe6 25. Ng4 Rd8 (25... Rc8 26. Qb5 $15 {/=}) 26.
Rd4 Qxc4 27. Rxc4 Ne6 $15) 23. Qb3 Kh7 $2 {After this move white can achieve
quite big advantage, while, after the following continuations his chances are
better:} (23... Qc7 24. Nxh6+ Kh7 25. Ng4 Re8 $15) (23... Ne6 24. Nxh6+ Kh7 25.
Nf7 Qc7 $15) 24. Rd8 Qxd8 (24... Qxd8 25. Nxd8 Rxd8 26. Qxb7 Rd7 27. Qb8 $16 {
White has queen and three (!) whole pawns for a rook, bishop and knight. I
would evaluate white chances as preferable, as he has possibility to create
the passed pawns on the queenside, together with strong "e" pawn. Also, it is
not so easy for black to coordinate his three pieces, so I think, that white
should play on...}) 1/2-1/2

[Event "Corus"]
[Site "Wijk aan Zee"]
[Date "2004.01.13"]
[Round "3"]
[White "Akopian, Vladimir Eduardovic"]
[Black "Timman, Jan H"]
[Result "1/2-1/2"]
[WhiteElo "2693"]
[BlackElo "2578"]
[Annotator "Erenburg,S"]
[PlyCount "60"]
[EventDate "2004.01.10"]
[EventType "tourn"]
[EventRounds "13"]
[EventCountry "NED"]
[EventCategory "19"]
[SourceTitle "CBM 099"]
[Source "ChessBase"]
[SourceDate "2004.03.30"]
[SourceVersion "1"]
[SourceVersionDate "2004.03.30"]
[SourceQuality "1"]

1. e4 d6 2. d4 Nf6 3. Nc3 g6 4. Nf3 Bg7 5. Be2 O-O 6. O-O Bg4 7. Ng5 {Other
ways to fight for an advantage are:} (7. Be3 {1/2-1/2 Ivanchuk,V-Hillarp
Persson,T/Malmo 2003/CBM 95/[Erenburg] (18)}) (7. h3 {1/2-1/2 Tseitlin,
M-Chernin,A/Beersheba 1992/CBM 30/[Stohl] (45)}) 7... Bxe2 8. Qxe2 Nc6 ({
Dubious is} 8... e5 $6 9. dxe5 dxe5 10. Be3 (10. Qb5 $142 $1) 10... h6 11. Nf3
Nbd7 12. Rfd1 $14 {1-0 Nisipeanu,L-Djingarova,E/Nice 2002/CBM 89 ext (69)}) 9.
Rd1 ({White didn't achieve anything special after} 9. Be3 e5 10. dxe5 Nxe5 11.
Rad1 Re8 12. Nf3 Ned7 13. Qc4 a6 14. Bg5 Qc8 15. Rfe1 h6 16. Bxf6 Nxf6 17. e5
dxe5 18. Nxe5 Qe6 {1/2-1/2 Golubev,M-Ponomariov,R/Kiev 1997/EXT 2002 (18)})
9... e5 {Black tried also} (9... Nd7 10. Nf3 e5 11. Bg5 Nxd4 12. Rxd4 f6 13.
Bxf6 Bxf6 14. Rdd1 Rf7 15. Nd5 Nf8 16. Qc4 Kg7 17. a4 Qe8 18. Ra3 {1/2-1/2
Nisipeanu,L-Marin,M/Bucharest 1997/CBM 60 (18)}) (9... e6 {1/2-1/2 Milu,
R-Marin,M/Bucharest 1999/CBM 70/[Marin,M] (22)}) 10. dxe5 Nxe5 11. f4 Ned7 ({
Worse is} 11... Nc6 {, in view of} 12. e5 Nd7 13. e6 Bxc3 (13... Nd4 14. exf7+
Kh8 15. Qf2 $16) 14. exf7+ Kh8 15. bxc3 $16) 12. e5 dxe5 13. fxe5 Re8 14. Bf4
$146 {According to my database, this move was played for the first time. In
the previous game white continued} (14. Nxf7 Qe7 15. exf6 (15. Nh6+ $5 Bxh6 16.
Bxh6 Nxe5 17. Rf1 $14 {/=}) 15... Qxe2 16. Nxe2 Nxf6 17. Nh6+ Bxh6 18. Bxh6
Rxe2 $11 {1/2-1/2 Brynell,S-Nyback,T/Stockholm 2003/CBM 91 ext (40)}) 14... Nh5
15. Qg4 {White had another interesting option:} (15. Nxf7 Nxf4 (15... Kxf7 16.
Qc4+ Re6 (16... Kf8 17. Rf1 $18) 17. Rf1 (17. Bg5) 17... Qe8 18. Nd5 Nb6 19.
Be3+ Kg8 20. Bxb6 $18) 16. Qc4 Qe7 17. Nh6+ Kh8 18. Nf7+ $11) 15... f5 ({
In my opinion, black doesn't equalize after} 15... Nxf4 16. Qxf4 (16. Rxd7 h5
17. Rxd8 hxg4 18. Rd7 Rad8 $36) 16... Qe7 17. Nd5 Qc5+ (17... Qxe5 18. Qxf7+
Kh8 19. Nxc7 $16) 18. Kh1 Nxe5 19. Ne4 Qxc2 20. Nef6+ Bxf6 21. Nxf6+ Kg7 22.
Nxe8+ Rxe8 23. Rac1 $14 (23. Qb4 $5)) 16. Qf3 $6 {Two following possibilities
give white better chances:} (16. Qe2 Nxf4 17. Qc4+ Ne6 18. Nxe6 Nxe5 19. Qb3 (
19. Qxc7 Qe7 $11) 19... Qe7 20. Nxc7+ Kh8 21. Nxe8 Ng4 $1 {threatening with
Qc5 and Qe3.} {[%tqu "En","Please find the strongest move for white.","","",
"c3e4","",10]} 22. Ne4 $3 Rxe8 (22... fxe4 23. Nd6 Be5 24. h3 (24. Qxb7 Bxh2+
25. Kh1 Nf2+ 26. Kxh2 Qh4+ 27. Kg1 Nh3+ $11) 24... Bxd6 25. hxg4 Qe5 26. Qc3 $1
$14) 23. h3 $1 (23. Nf2 $4 Bd4 $1 $19 24. Rxd4 $2 Qe1+ {with mate.}) 23... Qxe4
24. hxg4 Bd4+ 25. Kh1 Qxg4 26. Qh3 $14) (16. exf6 Ndxf6 (16... Nhxf6 17. Qh3
$16 {[%cal Gg5e6,Gg5h7]}) 17. Qe6+ $1 (17. Qf3 $6 Qe7 $1 (17... Qc8 18. Nd5 (
18. Nb5 Nxf4 19. Qxf4 h6 20. Qc4+ Kh8 21. Nf7+ Kh7 22. Qxc7 Re2 23. Qxc8 Rxc8
24. Nd4 Re7 25. Nd6 Rd8 $44) 18... h6 19. Qb3 Nxd5 20. Rxd5 Kh8 21. Nf7+ Kh7
22. Rxh5 gxh5 23. Qd3+ Kg8 24. Qg6 Qe6 25. Nxh6+ Kh8 (25... Kf8 26. Rf1 $18)
26. Nf7+ $11) 18. Nd5 Qc5+ $1 19. Be3 Qc6 20. Nxf6+ Bxf6 21. Qxc6 bxc6 $15)
17... Rxe6 18. Rxd8+ Re8 19. Rxa8 Rxa8 20. Bxc7 Ne8 21. Ba5 b6 22. Bb4 a5 23.
Be7 Bd4+ 24. Kf1 Bxc3 25. bxc3 Rc8 26. Rd1 $14) 16... Nxe5 $6 ({Black
equalizes easily after} 16... Nxf4 17. Qxf4 Qe7 18. Qc4+ (18. e6 $2 Be5 19. Qh4
(19. Qe3 Qc5 $17) 19... Nb6 $17 {[%cal Ge5f6]}) 18... Kh8 19. Nf7+ Kg8 20. Nd6+
(20. Nh6+ $11) 20... Qe6 21. Qxe6+ Rxe6 22. Nxf5 Nxe5 $11) 17. Qxb7 Qe7 18. Nd5
Qf8 (18... Qc5+ 19. Be3 Qxc2 20. Rac1 (20. Nxc7 $14) 20... Rab8 21. Qxa7 Qxb2
22. Bd4 $36) 19. Bxe5 ({Comes to consideration:} 19. Be3 $5 h6 $1 (19... Ng4
20. Nxc7 Nxe3 21. Qb3+ $18) 20. Nxc7 (20. Nh3 Nc4) 20... hxg5 21. Nxa8 $13)
19... Bxe5 ({White's chances are preferable after} 19... Qc5+ 20. Kh1 Bxe5 21.
Qb3 Kh8 (21... Kg7 22. Nb6 cxb6 23. Rd7+ Kh6 24. Nf7+ Kg7 25. Nxe5+ Re7 26. Nd3
Qe3 27. Qd5 Rxd7 28. Qxd7+ Kh8 29. Re1 $16) 22. Nf7+ Kg7 23. Nxe5 Rxe5 24. c4
$1 $14 {[%cal Gb3c3,Yb2b4]}) 20. Qc6 Qd6 21. Qxd6 $2 {[%mdl 16384]
Unexplainable move. Currently white's pieces are very active. He had to keep
the queens on the board, trying to use an activity of his pieces:} (21. Qc4 Kg7
(21... Bxh2+ 22. Kh1 Kg7 23. Nb6 $1 Qxb6 24. Rd7+ Kh6 25. Qh4 $1 $18) 22. Qxc7+
$1 (22. Nxc7 Bxh2+ 23. Kh1 Qxc7 24. Qxc7+ Bxc7 25. Rd7+ Kg8 26. Rxc7 Rec8 $11)
22... Qxc7 23. Nxc7 Bxc7 24. Rd7+ $16) 21... Bxd6 $15 {Suddenly black's
position became better. Black's bishop is going to occupy a long diagonal, so
in this position it is much stronger, than the white's knight.} 22. Re1 (22.
Nf3 Rad8 23. c3 $15) 22... c6 23. Nc3 Be5 ({Maybe stronger was} 23... h6 24.
Nf3 Nf6 $17) 24. Rad1 Nf6 {The following options promised black slightly
better chances:} (24... Bxc3 25. bxc3 Nf6 26. h3 $15) (24... Bd4+ 25. Kf1 Rxe1+
26. Rxe1 Rb8 27. Nf3 Bxc3 28. bxc3 Rb2 $15) 25. Na4 Bd4+ 26. Kf1 Be3 (26...
Rxe1+ {doesn't promise anything:} 27. Rxe1 (27. Kxe1 Be3 (27... c5 28. c3 Re8+
29. Kf1 Be3 30. Nf3) 28. Nf3 Ng4 29. Rd7 $1 $11) 27... Ng4 28. Nf3 Ne3+ 29. Kf2
Nxc2+ 30. Nxd4 Nxd4 31. Re7 $44) 27. Nf3 Nd5 28. c4 (28. Rd3 Bf4 $1 $15 {
[%cal Gd5e3]}) 28... Nb6 29. Nxb6 axb6 30. a3 b5 $6 {Inaccuracy, which throws
away a slight advantage. Better was} (30... Ra4 31. Rd3 f4 32. Nd2 Kf7 $15 33.
Rd7+ Re7 34. Rxe7+ Kxe7 35. Ke2 Kf6 36. Rc1 Kf5 $15) (30... b5 $6 31. cxb5 cxb5
32. Rd5 $11) 1/2-1/2